| 000 | 00840nam a2200217Ia 4500 | ||
|---|---|---|---|
| 999 |
_c65179 _d65179 |
||
| 005 | 20240530110811.0 | ||
| 008 | 140319s2006 jo a b 000 0 ara d | ||
| 017 |
_a2003/10/2179 _bعمان . دائرة المكتبة الوطنية |
||
| 040 |
_aGCL / _cGCL |
||
| 082 | 0 | 4 |
_221 _a770 / _bن ت |
| 100 | 0 | _aنور الدين النادى | |
| 245 | 1 | 2 |
_aالتصوير الفوتوغرافى / _cنور الدين النادى ، نجم عبد شهيب |
| 250 | _aط.1 | ||
| 260 |
_aعمان : _bمكتبة المجتمع العربى للنشر والتوزيع، _c2006 |
||
| 300 |
_a168 ص. : _bايض. ؛ _c24 سم. |
||
| 650 | 0 | 7 |
_aالتصوير الفوتوغراغى _2qrmak |
| 651 | _2qrmak | ||
| 700 | 0 |
_aنجم عبد شهيب _eمؤلف مشارك |
|
| 942 |
_2ddc _cBK |
||